Alle PDC Darts Turniersieger 2007 - Statistiken

Allgemein
  • Dieses Quiz wurde 52 mal gespielt
  • Das Durchschnittsergebnis liegt bei 31 aus 46
Antwortstatistiken
Turnier Land Dartsspieler % Korrekt
UK Open Southern Regional Final England Phil Taylor
97%
PDC US Open England Phil Taylor
97%
Premier League England Phil Taylor
97%
Bobby Bourn Memorial Trophy England Phil Taylor
97%
Emperors Palace Southern African Masters England Phil Taylor
97%
PDPA Players Championship Hayling Ireland England Phil Taylor
97%
PDPA Players Championship Netherlands 1 England Phil Taylor
97%
PDPA Players Championship Netherlands 2 England Phil Taylor
97%
Grand Slam Of Darts England Phil Taylor
97%
German Darts Championship England Phil Taylor
97%
World Darts Championship Niederlande Raymond Van Barneveld
93%
UK Open North East Regional Final Niederlande Raymond Van Barneveld
93%
PDPA Players Championship Gibraltar 1 Niederlande Raymond Van Barneveld
93%
Masters Of Darts Niederlande Raymond Van Barneveld
93%
PDPA Players Championship Germany Niederlande Raymond Van Barneveld
93%
UK Open Niederlande Raymond Van Barneveld
93%
PDPA Players Championship Las Vegas Niederlande Raymond Van Barneveld
93%
Las Vegas Desert Classic Niederlande Raymond Van Barneveld
93%
PDPA Players Championship Wales Niederlande Raymond Van Barneveld
93%
UK Open Irish Regional Final Niederlande Raymond Van Barneveld
93%
UK Open North West Regional Final England James Wade
80%
World Matchplay England James Wade
80%
UK Open Welsh Regional Final England James Wade
80%
World Grand Prix England James Wade
80%
UK Open Scottish Regional Final England James Wade
80%
Open Holland Niederlande Michael Van Gerwen
80%
International Darts League Schottland Gary Anderson
77%
World Darts Trophy Schottland Gary Anderson
77%
PDPA Players Championship Hayling Island 2 Kanada John Part
70%
Open Holland Masters England Peter Manley
50%
UK Open South West Regional Final England Dennis Priestley
43%
Thialf Darts Trophy Niederlande Roland Scholten
43%
Killarney Pro Tour Niederlande Jelle Klaasen
40%
Atlanta Players Championship England Wayne Mardle
37%
PDPA Players Championship Kirchheim England Wayne Mardle
37%
Antwerp Open England Terry Jenkins
30%
Antwerp Darts Trophy England Terry Jenkins
30%
PDPA Players Championship Hayling Island 1 England Terry Jenkins
30%
PDPA Players Championship Scotland England Andy Smith
27%
Windy City Open England Ronnie Baxter
23%
Oceanic Masters Neuseeland Warren Parry
23%
PDPA Players Championship Gibraltar 2 England Andy Hamilton
20%
UK Open Midlands Regional Final England Andy Hamilton
20%
Gleneagle Irish Masters England Mark Walsh
7%
Ireland Open Autumn Classic England Denis Ovens
3%
West Tyrone Open England Lionel Sams
3%
Keine übereinstimmenden Quizze gefunden
Verteilung der Resultate
Anzahl Personen mit jedem Resultat
Perzentil nach korrekt beantworteten Fragen
Ihre Resultats-Entwicklung
Sie haben dieses Quiz noch nicht gespielt